[Event "Dieren op"]
[Site "Dieren"]
[Date "2006.07.31"]
[Round "6"]
[White "Diepeveen, Vincent"]
[Black "De Kleuver, Esther"]
[Result "1/2-1/2"]
[WhiteElo "2327"]
[BlackElo "2151"]
[PlyCount "43"]
[EventDate "2006.07.25"]
[EventType "swiss"]
[EventRounds "9"]
[EventCountry "NED"]
[SourceTitle "CBM 113 Extra"]
[Source "ChessBase"]
[SourceDate "2006.09.14"]
[SourceVersion "1"]
[SourceVersionDate "2006.09.14"]
[SourceQuality "1"]

1. e4 e5 2. Nf3 Nc6 3. d4 exd4 4. Nxd4 Nf6 5. Nxc6 bxc6 6. e5 Qe7 7. Qe2 Nd5 8. c4 Nb6 9. Nd2 d5 10. exd6 cxd6 11. b3 Bg4 12. f3 Be6 13. Bb2 d5 14. cxd5 Nxd5 15. g3 h5 16. Bg2 h4 17. f4 hxg3 18. hxg3 Rxh1+ 19. Bxh1 Qc5 20. Bxd5 Qxd5 21. 0-0-0 0-0-0 22. Ne4 1/2-1/2

[Event "Dieren op"]
[Site "Dieren"]
[Date "2006.07.29"]
[Round "5"]
[White "De Kleuver, Esther"]
[Black "Neuer, Thomas"]
[Result "1-0"]
[WhiteElo "2151"]
[BlackElo "2080"]
[PlyCount "143"]
[EventDate "2006.07.25"]
[EventType "swiss"]
[EventRounds "9"]
[EventCountry "NED"]
[SourceTitle "CBM 113 Extra"]
[Source "ChessBase"]
[SourceDate "2006.09.14"]
[SourceVersion "1"]
[SourceVersionDate "2006.09.14"]
[SourceQuality "1"]

1. e4 g6 2. d4 Bg7 3. Nc3 c5 4. Nge2 cxd4 5. Nxd4 Nc6 6. Be3 Nf6 7. g3 0-0 8. Bg2 d6 9. h3 Bd7 10. 0-0 Qc8 11. Nxc6 bxc6 12. Kh2 Rb8 13. Rb1 Qa6 14. Qe2 Qxe2 15. Nxe2 Be6 16. b3 c5 17. c4 Rfc8 18. Nf4 Bd7 19. Nd3 Bc6 20. e5 Bxg2 21. Kxg2 Nd7 22. exd6 exd6 23. Rbd1 a5 24. Nf4 Bf8 25. Nd5 a4 26. bxa4 Ra8 27. Rb1 Rxa4 28. Rb7 Ne5 29. Bh6 Rxa2 30. Re1 Rca8 31. Rxe5 dxe5 32. Nf6+ Kh8 33. Rxf7 R2a7 34. Rxa7 Rxa7 35. Bxf8 Ra4 36. Bxc5 Rxc4 37. Be3 Kg7 38. Nd7 e4 39. g4 h6 40. h4 Ra4 41. Kg3 Ra8 42. Nc5 Re8 43. Kf4 Kh7 44. Nxe4 Rb8 45. Bd4 Kg8 46. h5 gxh5 47. Nf6+ Kf7 48. Nxh5 Kg6 49. Kg3 Rb3+ 50. Be3 Ra3 51. Nf4+ Kg5 52. Ng2+ Kg6 53. f4 Kf6 54. Kh4 Ra2 55. Bd4+ Kg6 56. Ne3 Rh2+ 57. Kg3 Ra2 58. Be5 Ra3 59. Kf3 Ra4 60. Nd5 Ra3+ 61. Ke4 Ra4+ 62. Bd4 Ra8 63. Ne7+ Kf7 64. Nf5 Kg6 65. Nh4+ Kh7 66. f5 Kg8 67. f6 Kf7 68. Kf5 Ra5+ 69. Be5 Ra3 70. Ng6 Rf3+ 71. Bf4 Rh3 72. Nh8+ 1-0

[Event "Dieren op"]
[Site "Dieren"]
[Date "2006.07.28"]
[Round "4"]
[White "Slingerland, Fred"]
[Black "De Kleuver, Esther"]
[Result "1-0"]
[WhiteElo "2338"]
[BlackElo "2151"]
[PlyCount "61"]
[EventDate "2006.07.25"]
[EventType "swiss"]
[EventRounds "9"]
[EventCountry "NED"]
[SourceTitle "CBM 113 Extra"]
[Source "ChessBase"]
[SourceDate "2006.09.14"]
[SourceVersion "1"]
[SourceVersionDate "2006.09.14"]
[SourceQuality "1"]

1. e4 e5 2. Nf3 Nc6 3. Nc3 Nf6 4. d4 exd4 5. Nxd4 Bb4 6. Nxc6 bxc6 7. Bd3 0-0 8. 0-0 d5 9. exd5 cxd5 10. Nb5 c6 11. Nd4 Qc7 12. h3 Re8 13. Qf3 Bd6 14. c4 Be5 15. Be3 Rb8 16. Rac1 Rxb2 17. cxd5 Nxd5 18. Rxc6 Qd8 19. Rxc8 Qxc8 20. Qxd5 Bf6 21. Nf5 Rd8 22. Qe4 g6 23. Nh6+ Kg7 24. Ng4 Qc3 25. Bh6+ Kg8 26. Re1 Rbb8 27. Nxf6+ Qxf6 28. Qe3 Qc3 29. Bf1 Qa5 30. Bc4 Qf5 31. Qc3 1-0

[Event "Dieren op"]
[Site "Dieren"]
[Date "2004.07.31"]
[Round "5"]
[White "De Kleuver, Esther"]
[Black "Burg, Twan"]
[Result "1-0"]
[WhiteElo "2144"]
[BlackElo "2062"]
[PlyCount "107"]
[EventDate "2004.07.27"]
[EventType "swiss"]
[EventRounds "9"]
[EventCountry "NED"]
[SourceTitle "CBM 101 Extra"]
[Source "ChessBase"]
[SourceDate "2004.09.01"]
[SourceVersion "2"]
[SourceVersionDate "2004.09.01"]
[SourceQuality "1"]

1. e4 c5 2. c3 Nf6 3. e5 Nd5 4. d4 cxd4 5. Nf3 e6 6. cxd4 b6 7. Nc3 Nxc3 8. bxc3 Qc7 9. Be2 Bb7 10. 0-0 d6 11. Bf4 Nd7 12. Qb3 dxe5 13. Nxe5 Nxe5 14. Bb5+ Bc6 15. Bxe5 Bd6 16. d5 Bxb5 17. Qxb5+ Qd7 18. Qxd7+ Kxd7 19. dxe6+ Kxe6 20. Bxg7 Rhc8 21. Rad1 Ba3 22. g4 Bd6 23. Rfe1+ Kd7 24. Be5 Rc6 25. Re3 Kc7 26. Rxd6 Rxd6 27. Rd3 Rad8 28. Rxd6 Rxd6 29. f4 Kc6 30. Bxd6 Kxd6 31. Kf2 Kd5 32. Ke3 Kc4 33. Kd2 Kd5 34. Kd3 b5 35. g5 Kc5 36. a3 Kd5 37. h4 f6 38. gxf6 Ke6 39. Ke4 Kxf6 40. f5 h6 41. Kf4 Kf7 42. Ke5 Ke7 43. f6+ Kf7 44. Kf5 a6 45. Ke5 Kf8 46. Ke6 Ke8 47. f7+ Kf8 48. Kf6 h5 49. Kg6 a5 50. Kxh5 Kg7 51. Kg5 a4 52. Kf5 b4 53. cxb4 Kh7 54. b5 1-0

[Event "Dieren op"]
[Site "Dieren"]
[Date "2004.07.27"]
[Round "1"]
[White "De Kleuver, Esther"]
[Black "Hoeksema, Hendrik Pieter"]
[Result "0-1"]
[WhiteElo "2144"]
[BlackElo "2405"]
[PlyCount "68"]
[EventDate "2004.07.27"]
[EventType "swiss"]
[EventRounds "9"]
[EventCountry "NED"]
[SourceTitle "CBM 101 Extra"]
[Source "ChessBase"]
[SourceDate "2004.09.01"]
[SourceVersion "2"]
[SourceVersionDate "2004.09.01"]
[SourceQuality "1"]

1. e4 e6 2. d4 d5 3. Nc3 Bb4 4. exd5 exd5 5. Bd3 Nc6 6. a3 Be7 7. Nce2 Bg4 8. c3 Nf6 9. h3 Be6 10. Nf4 Bc8 11. Qf3 0-0 12. Nge2 Na5 13. Bc2 b6 14. g4 Bb7 15. Ng3 Ne4 16. 0-0 Nxg3 17. fxg3 c5 18. Nh5 Bc8 19. Nxg7 Kxg7 20. g5 Bxg5 21. Qh5 h6 22. h4 Bxc1 23. Raxc1 Qd6 24. Rf3 f5 25. Re3 Nc4 26. Re2 Bd7 27. Rce1 Rf7 28. Bd3 cxd4 29. cxd4 Qf6 30. Kh2 Qxd4 31. Qf3 Raf8 32. Bb1 Nd6 33. Re5 Ne4 34. Bxe4 fxe4 0-1

[Event "Dieren op"]
[Site "Dieren"]
[Date "2003.07.29"]
[Round "7"]
[White "De Kleuver, Esther"]
[Black "Van Renen, Mike"]
[Result "1-0"]
[WhiteElo "2177"]
[BlackElo "2072"]
[PlyCount "57"]
[EventDate "2003.07.22"]
[EventType "swiss"]
[EventRounds "9"]
[EventCountry "NED"]
[SourceTitle "CBM 095 Extra"]
[Source "ChessBase"]
[SourceDate "2003.09.04"]
[SourceVersion "1"]
[SourceVersionDate "2003.09.04"]
[SourceQuality "1"]

1. e4 c5 2. c3 e6 3. d4 d5 4. exd5 exd5 5. Be3 cxd4 6. Bxd4 Nc6 7. Be3 Nf6 8. Nf3 h6 9. Be2 Bd6 10. h3 0-0 11. 0-0 Be6 12. Nbd2 Qd7 13. Re1 Ne7 14. Bf1 Nf5 15. Bd4 Nxd4 16. Nxd4 Rae8 17. Bb5 Qc8 18. Bxe8 Rxe8 19. Qf3 Nh7 20. Nxe6 fxe6 21. Qg4 Nf6 22. Qg6 Rf8 23. Re2 e5 24. Qd3 e4 25. Nxe4 Qf5 26. Nxf6+ Qxf6 27. Qxd5+ Kh8 28. Rae1 Rf7 29. Qe6 1-0

[Event "Dieren op"]
[Site "Dieren"]
[Date "2003.07.23"]
[Round "2"]
[White "Bosch van Rosenthal, Jeroen"]
[Black "De Kleuver, Esther"]
[Result "1-0"]
[WhiteElo "2076"]
[BlackElo "2177"]
[PlyCount "157"]
[EventDate "2003.07.22"]
[EventType "swiss"]
[EventRounds "9"]
[EventCountry "NED"]
[SourceTitle "CBM 095 Extra"]
[Source "ChessBase"]
[SourceDate "2003.09.04"]
[SourceVersion "1"]
[SourceVersionDate "2003.09.04"]
[SourceQuality "1"]

1. d4 Nf6 2. c3 e6 3. Bg5 c5 4. e3 Be7 5. Nd2 b6 6. Ngf3 Bb7 7. Bd3 Nc6 8. 0-0 0-0 9. Qe2 cxd4 10. exd4 Nd5 11. Bxe7 Ncxe7 12. g3 Ng6 13. h4 f5 14. Ng5 Qf6 15. f4 Rae8 16. Nc4 Qe7 17. Rae1 Rf6 18. Ne3 Nxe3 19. Qxe3 h6 20. Nf3 Qd6 21. Rf2 Qc6 22. Kh2 Ne7 23. Ne5 Qc7 24. Qe2 d6 25. Nc4 Qc6 26. Ne3 Ref8 27. Bb5 Qc7 28. Qc4 Qd8 29. Qa4 Qb8 30. Bc4 Kh8 31. Qb3 e5 32. dxe5 dxe5 33. fxe5 Qxe5 34. Ng2 Qc5 35. Rfe2 Nc6 36. Qb5 Qd6 37. Qd5 Qxd5 38. Bxd5 Kh7 39. h5 Rd8 40. Nf4 Rfd6 41. Bf7 Rd2 42. Bg6+ Kg8 43. Rxd2 Rxd2+ 44. Kh3 Rd8 45. Bxf5 Bc8 46. Be6+ Bxe6+ 47. Rxe6 Rc8 48. Ng6 Kh7 49. Kg4 b5 50. Kf4 a5 51. Ke3 a4 52. Ne5 Na5 53. Re7 a3 54. b4 Nc4+ 55. Nxc4 Rxc4 56. Kd3 Rg4 57. Re3 Rg5 58. Kc2 Rxh5 59. Kb3 Rh3 60. c4 bxc4+ 61. Kxc4 h5 62. b5 h4 63. b6 Rxg3 64. Re4 Rg2 65. Rxh4+ Kg6 66. Kb5 Rxa2 67. Ra4 Rb2+ 68. Kc6 a2 69. b7 Kh5 70. Rxa2 Rxb7 71. Kxb7 g5 72. Kc6 Kg4 73. Kd5 Kf4 74. Ra4+ Kf5 75. Kd4 Kf4 76. Kd3+ Kf3 77. Kd2 Kg3 78. Ke1 g4 79. Kf1 1-0

[Event "Dieren op"]
[Site "Dieren"]
[Date "2003.07.22"]
[Round "1"]
[White "De Kleuver, Esther"]
[Black "L'Ami, Erwin"]
[Result "0-1"]
[WhiteElo "2177"]
[BlackElo "2439"]
[PlyCount "77"]
[EventDate "2003.07.22"]
[EventType "swiss"]
[EventRounds "9"]
[EventCountry "NED"]
[SourceTitle "CBM 095 Extra"]
[Source "ChessBase"]
[SourceDate "2003.09.04"]
[SourceVersion "1"]
[SourceVersionDate "2003.09.04"]
[SourceQuality "1"]

1. e4 c5 2. c3 Nf6 3. e5 Nd5 4. d4 cxd4 5. Nf3 Nc6 6. Bc4 Nb6 7. Bb3 d5 8. exd6 Qxd6 9. 0-0 Be6 10. Na3 dxc3 11. Nb5 Qxd1 12. Rxd1 Rc8 13. Bxe6 fxe6 14. Nxc3 g6 15. Re1 Nd5 16. Rxe6 Nxc3 17. bxc3 Bg7 18. Rb1 b6 19. Ba3 Bxc3 20. Rc1 Kd7 21. Re4 Bf6 22. h4 h6 23. Rc2 Rc7 24. Bc1 Nd8 25. Rxc7+ Kxc7 26. Bf4+ Kb7 27. g4 Nc6 28. g5 hxg5 29. hxg5 Bc3 30. Kg2 e5 31. Nxe5 Bxe5 32. Bxe5 Re8 33. f4 Nxe5 34. fxe5 Kc6 35. Kf3 Kd5 36. Kf4 Rh8 37. Re1 Ke6 38. Kg4 Rd8 39. Kf4 0-1

[Event "Dieren op"]
[Site "Dieren"]
[Date "2002.07.11"]
[Round "3"]
[White "Van der Poel, Henk"]
[Black "De Kleuver, Esther"]
[Result "1-0"]
[WhiteElo "2305"]
[BlackElo "2169"]
[PlyCount "49"]
[EventDate "2002.07.09"]
[EventType "swiss"]
[EventRounds "9"]
[EventCountry "NED"]
[SourceTitle "CBM 089 Extra"]
[Source "ChessBase"]
[SourceDate "2002.09.10"]
[SourceVersion "2"]
[SourceVersionDate "2002.09.10"]
[SourceQuality "1"]

1. e4 c5 2. Nf3 e6 3. d4 cxd4 4. Nxd4 Nc6 5. Nc3 d6 6. Be3 Nf6 7. Bc4 Be7 8. Qe2 0-0 9. 0-0-0 a6 10. Bb3 Nd7 11. Kb1 Qe8 12. g4 Nc5 13. g5 Bd7 14. Rhg1 b5 15. Qh5 Nxb3 16. axb3 f5 17. g6 hxg6 18. Rxg6 Ne5 19. Rxg7+ Kxg7 20. Qh6+ Kg8 21. Rg1+ Ng4 22. Nd5 Rf7 23. Nxe6 Rh7 24. Nxe7+ Rxe7 25. exf5 1-0

[Event "Dieren op"]
[Site "Dieren"]
[Date "2002.07.10"]
[Round "2"]
[White "De Kleuver, Esther"]
[Black "Zimmermann, Luc"]
[Result "1-0"]
[WhiteElo "2169"]
[BlackElo "2114"]
[PlyCount "89"]
[EventDate "2002.07.09"]
[EventType "swiss"]
[EventRounds "9"]
[EventCountry "NED"]
[SourceTitle "CBM 089 Extra"]
[Source "ChessBase"]
[SourceDate "2002.09.10"]
[SourceVersion "2"]
[SourceVersionDate "2002.09.10"]
[SourceQuality "1"]

1. e4 e6 2. d4 d5 3. Nc3 Bb4 4. exd5 exd5 5. Bd3 c6 6. Nge2 Ne7 7. Ng3 Ng6 8. 0-0 0-0 9. Qh5 Nd7 10. Nf5 Nf6 11. Qf3 Bxf5 12. Qxf5 Qd7 13. Qxd7 Nxd7 14. Bd2 Bxc3 15. bxc3 b5 16. a4 a6 17. f4 f6 18. Rfe1 Kf7 19. Bf5 Nb6 20. Be6+ Ke7 21. f5 Nh8 22. Bxd5+ Kd6 23. Bf3 Rfe8 24. Rxe8 Rxe8 25. axb5 axb5 26. Bf4+ Ke7 27. Re1+ Kf7 28. Rxe8 Kxe8 29. Bxc6+ Ke7 30. Bxb5 Nd5 31. Bd2 Nf7 32. c4 Nc7 33. Bb4+ Kd8 34. Ba5 Nd6 35. g4 Kc8 36. Bxc7 Kxc7 37. Kf2 Kb6 38. Ke3 Ka5 39. Bd7 Nxc4+ 40. Kd3 Nb2+ 41. Ke4 Nd1 42. c4 Kb4 43. c5 Kc4 44. Be6+ Kb5 45. Kd5 1-0

[Event "Montecatini Terme op"]
[Site "Montecatini Terme"]
[Date "2000.??.??"]
[Round "7"]
[White "De Kleuver, Esther"]
[Black "Ferretti, Folco"]
[Result "0-1"]
[WhiteElo "2167"]
[BlackElo "2278"]
[PlyCount "120"]
[EventDate "2000.07.??"]
[EventType "swiss"]
[EventRounds "9"]
[EventCountry "ITA"]
[SourceTitle "EXT 2001"]
[Source "ChessBase"]
[SourceDate "2000.11.22"]
[SourceVersion "1"]
[SourceVersionDate "2000.11.22"]
[SourceQuality "1"]

1. e4 e5 2. Nc3 Nf6 3. Nf3 Nc6 4. g3 Bc5 5. Bg2 d6 6. d3 a6 7. 0-0 Be6 8. h3 h6 9. Nh4 Qd7 10. Kh2 g5 11. Qf3 Ng8 12. Nf5 0-0-0 13. Be3 Nge7 14. Nxe7+ Nxe7 15. Qe2 Rdg8 16. a3 Ng6 17. b4 Bd4 18. Qd2 Nf4 19. gxf4 Bxc3 20. Qxc3 gxf4 21. Bxf4 exf4 22. d4 Qe7 23. Qf3 Qh4 24. c4 Rg5 25. e5 c6 26. d5 Bd7 27. b5 Rhg8 28. Rg1 Rg3 29. fxg3 fxg3+ 30. Kh1 Bxh3 31. Qf6 Qh5 32. Rgc1 Bxg2+ 33. Kxg2 Qh2+ 34. Kf3 Qf2+ 35. Ke4 Qe2+ 36. Kd4 Qd2+ 37. Ke4 Qe2+ 38. Kd4 Rg4+ 39. Kc3 Rxc4+ 40. Kb3 Qd3+ 41. Kb2 Qd2+ 42. Kb3 Rxc1 43. Rxc1 Qxc1 44. Qh8+ Kc7 45. exd6+ Kxd6 46. Qd8+ Kc5 47. bxc6 Qc4+ 48. Kb2 Qb5+ 49. Kc3 bxc6 50. Qe7+ Kxd5 51. Qxf7+ Ke4 52. Qg6+ Kf3 53. Qxh6 Qe5+ 54. Kc2 g2 55. Qh3+ Kf2 56. Qh4+ Kf1 57. Qh3 Qe2+ 58. Kc1 Ke1 59. Qg3+ Qf2 60. Qe5+ Kf1 0-1

[Event "NED-ch (Women)"]
[Site "Rheden"]
[Date "1998.??.??"]
[Round "2"]
[White "De Kleuver, Esther"]
[Black "Benschop, Anne Marie"]
[Result "1/2-1/2"]
[WhiteElo "2190"]
[BlackElo "2150"]
[PlyCount "57"]
[EventDate "1998.06.??"]
[EventType "tourn"]
[EventRounds "9"]
[EventCountry "NED"]
[SourceTitle "EXT 1999"]
[Source "ChessBase"]
[SourceDate "1998.11.16"]
[SourceVersion "1"]
[SourceVersionDate "1998.11.16"]
[SourceQuality "1"]

1. e4 e5 2. Nc3 Nf6 3. Nf3 Nc6 4. g3 Bc5 5. Bg2 d6 6. d3 a6 7. 0-0 0-0 8. h3 h6 9. Nh4 Nd4 10. Ne2 Re8 11. Nxd4 Bxd4 12. c3 Bb6 13. Qf3 Nh7 14. Nf5 Qf6 15. g4 c6 16. Qg3 Bxf5 17. exf5 d5 18. Bd2 Rac8 19. Rae1 Bc7 20. f4 exf4 21. Bxf4 Bxf4 22. Qxf4 Qg5 23. Qxg5 hxg5 24. Kf2 Nf6 25. Rxe8+ Rxe8 26. Re1 Rxe1 27. Kxe1 Kf8 28. Ke2 Ke7 29. Ke3 1/2-1/2

[Event "NED-ch (Women)"]
[Site "Rheden"]
[Date "1998.??.??"]
[Round "9"]
[White "De Kleuver, Esther"]
[Black "Borek, Jutta"]
[Result "1/2-1/2"]
[WhiteElo "2190"]
[BlackElo "2070"]
[PlyCount "49"]
[EventDate "1998.06.??"]
[EventType "tourn"]
[EventRounds "9"]
[EventCountry "NED"]
[SourceTitle "EXT 1999"]
[Source "ChessBase"]
[SourceDate "1998.11.16"]
[SourceVersion "1"]
[SourceVersionDate "1998.11.16"]
[SourceQuality "1"]

1. e4 c5 2. c3 e6 3. d4 d5 4. exd5 exd5 5. Be3 c4 6. Nf3 Nc6 7. b3 cxb3 8. axb3 Bd6 9. Bd3 Nge7 10. Nh4 Be6 11. 0-0 Qd7 12. Qc2 Rc8 13. Qe2 0-0 14. Qh5 g6 15. Qe2 Nf5 16. Nxf5 Bxf5 17. Nd2 a6 18. Bxf5 Qxf5 19. Nf3 Rfe8 20. Qd2 Re4 21. h3 Rce8 22. Rfe1 h5 23. Ng5 R4e7 24. Nf3 Re4 25. Ng5 1/2-1/2

[Event "Saint Vincent op"]
[Site "Saint Vincent"]
[Date "1998.??.??"]
[Round "4"]
[White "De Kleuver, Esther"]
[Black "Faccia, Sergio"]
[Result "1-0"]
[WhiteElo "2180"]
[BlackElo "2065"]
[PlyCount "73"]
[EventDate "1998.06.??"]
[EventType "swiss"]
[EventRounds "9"]
[EventCountry "ITA"]
[SourceTitle "EXT 1999"]
[Source "ChessBase"]
[SourceDate "1998.11.16"]
[SourceVersion "1"]
[SourceVersionDate "1998.11.16"]
[SourceQuality "1"]

1. e4 e5 2. Nc3 Nc6 3. Nf3 Bc5 4. g3 d6 5. Bg2 Bg4 6. h3 Be6 7. 0-0 f6 8. Na4 Qd7 9. Kh2 g5 10. c3 g4 11. Ng1 gxh3 12. Qh5+ Bf7 13. Qxh3 Be6 14. Qh5+ Bf7 15. Qd1 h5 16. Nf3 Nh6 17. d4 Ng4+ 18. Kg1 Bb6 19. Nxb6 axb6 20. Nh4 Ne7 21. a3 Nh6 22. Qf3 Neg8 23. dxe5 fxe5 24. Bg5 Qe6 25. Nf5 Qg6 26. Bh4 Be6 27. Bh3 Ng4 28. Qd3 N8f6 29. Qb5+ Bd7 30. Qc4 0-0-0 31. Nxd6+ Kb8 32. Nf5 Bc6 33. Rad1 Nh6 34. Ne7 Qxe4 35. Qxe4 Nxe4 36. Nxc6+ bxc6 37. Rxd8+ 1-0

[Event "NED-ch (Women)"]
[Site "Rheden"]
[Date "1998.??.??"]
[Round "4"]
[White "De Kleuver, Esther"]
[Black "Lanchava, Tea"]
[Result "0-1"]
[WhiteElo "2190"]
[BlackElo "2260"]
[PlyCount "74"]
[EventDate "1998.06.??"]
[EventType "tourn"]
[EventRounds "9"]
[EventCountry "NED"]
[SourceTitle "EXT 1999"]
[Source "ChessBase"]
[SourceDate "1998.11.16"]
[SourceVersion "1"]
[SourceVersionDate "1998.11.16"]
[SourceQuality "1"]

1. e4 d6 2. d4 g6 3. Nc3 Bg7 4. Nge2 c6 5. a4 Nd7 6. g3 b6 7. Bg2 Bb7 8. 0-0 e6 9. Be3 Ngf6 10. h3 e5 11. Qd2 0-0 12. g4 Re8 13. Ng3 Nf8 14. f4 Ne6 15. fxe5 dxe5 16. d5 cxd5 17. exd5 Nd4 18. Bg5 h6 19. Bxh6 Nxd5 20. Nce4 Ne6 21. Bxg7 Kxg7 22. Rad1 Qc7 23. Ng5 Nef4 24. N5e4 Nxg2 25. Kxg2 Nf4+ 26. Kh2 Rh8 27. Rxf4 exf4 28. Qd4+ Kh7 29. Nf6+ Kh6 30. g5+ Kxg5 31. Nge4+ Bxe4 32. Nxe4+ Kh6 33. Nd6 Rhd8 34. Qxf4+ Kh7 35. Rd2 Rd7 36. Qh4+ Kg8 37. Qf6 Rad8 0-1

[Event "Montecatini Terme op"]
[Site "Montecatini Terme"]
[Date "1998.??.??"]
[Round "2"]
[White "De Kleuver, Esther"]
[Black "Mantovani, Renzo"]
[Result "0-1"]
[WhiteElo "2190"]
[BlackElo "2365"]
[PlyCount "101"]
[EventDate "1998.??.??"]
[EventType "swiss"]
[EventRounds "9"]
[EventCountry "ITA"]
[SourceTitle "EXT 2000"]
[Source "ChessBase"]
[SourceDate "1999.11.16"]
[SourceVersion "1"]
[SourceVersionDate "1999.11.16"]
[SourceQuality "1"]

1. e4 c5 2. c3 d5 3. exd5 Qxd5 4. d4 Nf6 5. Nf3 Nc6 6. Be3 Ng4 7. Na3 Nxe3 8. fxe3 Bg4 9. Bc4 Bxf3 10. Bxd5 Bxd1 11. Rxd1 cxd4 12. Nb5 0-0-0 13. Bxc6 bxc6 14. Nxd4 Kc7 15. 0-0 e5 16. Nf3 f6 17. Rxd8 Kxd8 18. Rd1+ Kc7 19. Nd2 Bc5 20. Nc4 e4 21. Kf2 f5 22. Ke2 Re8 23. g3 g5 24. Rf1 Rf8 25. b4 Be7 26. a4 a6 27. Rg1 Bf6 28. Rc1 h5 29. Nd2 h4 30. g4 fxg4 31. Nxe4 Be5 32. Rg1 g3 33. hxg3 h3 34. Nxg5 h2 35. Rh1 Rg8 36. Ne4 Rh8 37. Kf3 Kd7 38. Kg2 a5 39. Rxh2 Rb8 40. Rh7+ Ke6 41. bxa5 Kd5 42. Nf2 Bxc3 43. a6 Rb6 44. Ra7 c5 45. Ra8 Kc4 46. a7 Ra6 47. Ne4 Rxa4 48. Nxc5 Ra2+ 49. Kf3 Be5 50. Ne6 Kb5 51. Rb8+ 0-1

[Event "Saint Vincent op"]
[Site "Saint Vincent"]
[Date "1998.??.??"]
[Round "8"]
[White "De Kleuver, Esther"]
[Black "Tatai, Stefano"]
[Result "0-1"]
[WhiteElo "2180"]
[BlackElo "2385"]
[PlyCount "72"]
[EventDate "1998.06.??"]
[EventType "swiss"]
[EventRounds "9"]
[EventCountry "ITA"]
[SourceTitle "EXT 1999"]
[Source "ChessBase"]
[SourceDate "1998.11.16"]
[SourceVersion "1"]
[SourceVersionDate "1998.11.16"]
[SourceQuality "1"]

1. e4 c5 2. Nf3 d6 3. c3 Nf6 4. Be2 Nbd7 5. d3 g6 6. 0-0 Bg7 7. Nbd2 0-0 8. Re1 a6 9. a4 b6 10. d4 e6 11. b4 Bb7 12. Bd3 Qc7 13. Bb2 Rfe8 14. Qb1 c4 15. Nxc4 Nxe4 16. Rc1 Nef6 17. Ncd2 e5 18. dxe5 Nxe5 19. Nxe5 dxe5 20. f3 Nd5 21. Be4 Nf4 22. Re1 Rad8 23. Nf1 f5 24. Qa2+ Kh8 25. Bxb7 Qxb7 26. c4 Nd3 27. Red1 Nxb2 28. Qxb2 e4 29. Qb3 Bxa1 30. Rxa1 exf3 31. gxf3 Qg7 32. Rc1 Qd4+ 33. Kh1 Qf2 34. Qc3+ Kg8 35. c5 Re2 36. Qc4+ Kf8 0-1

[Event "NED-ch (Women)"]
[Site "Rheden"]
[Date "1998.??.??"]
[Round "7"]
[White "De Kleuver, Esther"]
[Black "Wuts, Helene"]
[Result "0-1"]
[WhiteElo "2190"]
[BlackElo "2095"]
[PlyCount "84"]
[EventDate "1998.06.??"]
[EventType "tourn"]
[EventRounds "9"]
[EventCountry "NED"]
[SourceTitle "EXT 1999"]
[Source "ChessBase"]
[SourceDate "1998.11.16"]
[SourceVersion "1"]
[SourceVersionDate "1998.11.16"]
[SourceQuality "1"]

1. e4 d6 2. d4 g6 3. Nc3 Bg7 4. Nge2 Nf6 5. g3 0-0 6. Bg2 e5 7. h3 Nc6 8. Be3 Re8 9. 0-0 exd4 10. Nxd4 Bd7 11. Re1 a6 12. a4 Na5 13. b3 c5 14. Nde2 Bc6 15. Qd3 Bf8 16. Rad1 Nd7 17. Nf4 c4 18. bxc4 Ne5 19. Qe2 Naxc4 20. Bd4 Rb8 21. Nfd5 b5 22. f4 Nd7 23. Nb4 Qc8 24. Nxc6 Qxc6 25. e5 Qc8 26. axb5 axb5 27. Nd5 dxe5 28. fxe5 Bc5 29. Kh2 Bxd4 30. Rxd4 Ncxe5 31. Re4 Kg7 32. Qd2 Qc5 33. Nf4 f6 34. Rf1 Nb6 35. Rd4 Nbc4 36. Qc3 b4 37. Qa1 Ne3 38. Rf2 Nxc2 39. Rxc2 Qxc2 40. Qa7+ Kh8 41. Kh1 Nf3 42. Qa6 Re1+ 0-1

[Event "Montecatini Terme op"]
[Site "Montecatini Terme"]
[Date "1998.??.??"]
[Round "5"]
[White "Stevic, Hrvoje"]
[Black "De Kleuver, Esther"]
[Result "1-0"]
[WhiteElo "2455"]
[BlackElo "2190"]
[PlyCount "75"]
[EventDate "1998.??.??"]
[EventType "swiss"]
[EventRounds "9"]
[EventCountry "ITA"]
[SourceTitle "EXT 2000"]
[Source "ChessBase"]
[SourceDate "1999.11.16"]
[SourceVersion "1"]
[SourceVersionDate "1999.11.16"]
[SourceQuality "1"]

1. e4 c5 2. Nf3 e6 3. c3 d5 4. exd5 exd5 5. d4 Nc6 6. Bb5 Bd6 7. Be3 cxd4 8. Bxd4 Nf6 9. 0-0 0-0 10. Bxf6 Qxf6 11. Qxd5 Bf5 12. Bxc6 bxc6 13. Qd4 Qh6 14. Qh4 Qxh4 15. Nxh4 Bg4 16. h3 Be2 17. Re1 Rfe8 18. Nf5 Bf8 19. Nd2 c5 20. Ne3 Ba6 21. Ndc4 f5 22. Na5 Rab8 23. b3 g6 24. Nd5 Bg7 25. Nc6 Rxe1+ 26. Rxe1 Rb7 27. Nd8 Rb8 28. Re8+ Bf8 29. Nf6+ Kg7 30. Rxf8 Kxf8 31. Nd7+ Ke7 32. Nxb8 Bb5 33. Ndc6+ Kd6 34. Nxa7 Be8 35. Na6 h6 36. c4 g5 37. Nb5+ Kc6 38. Nac7 1-0

[Event "Montecatini Terme op"]
[Site "Montecatini Terme"]
[Date "1997.08.03"]
[Round "3"]
[White "Luciani, Valerio"]
[Black "De Kleuver, Esther"]
[Result "0-1"]
[WhiteElo "2225"]
[BlackElo "2180"]
[PlyCount "118"]
[EventDate "1997.11.??"]
[EventType "swiss"]
[EventRounds "9"]
[EventCountry "ITA"]
[SourceTitle "EXT 1999"]
[Source "ChessBase"]
[SourceDate "1998.11.16"]
[SourceVersion "1"]
[SourceVersionDate "1998.11.16"]
[SourceQuality "1"]

1. e4 c5 2. Nc3 Nc6 3. g3 g6 4. Bg2 Bg7 5. d3 e6 6. Be3 d6 7. Qd2 Nge7 8. Nge2 Rb8 9. 0-0 b5 10. Rae1 b4 11. Nd1 a5 12. Bh6 0-0 13. Bxg7 Kxg7 14. Ne3 Bd7 15. f4 f5 16. h3 Nd4 17. c3 Nxe2+ 18. Qxe2 Qc7 19. g4 bxc3 20. bxc3 fxe4 21. dxe4 Bb5 22. c4 Bd7 23. Qf2 Nc6 24. f5 Qd8 25. Qg3 Ne5 26. Rd1 Qe7 27. f6+ Rxf6 28. Rxf6 Qxf6 29. Rxd6 Rb1+ 30. Kh2 Rb2 31. Nf5+ gxf5 32. g5 Nf3+ 33. Qxf3 Qe5+ 34. Qg3 Qxg3+ 35. Kxg3 Ba4 36. Rxe6 f4+ 37. Kxf4 Rxg2 38. Ra6 Rc2 39. Kf5 Bd7+ 40. Ke5 Bxh3 41. Rxa5 Rxc4 42. Ra7+ Kg6 43. Kf4 Rd4 44. Rc7 c4 45. Rc6+ Kg7 46. Rc7+ Kg8 47. Ke5 Rd2 48. Rxc4 Rxa2 49. Rc6 Kg7 50. Rc7+ Kg6 51. Kf4 Ra6 52. Rb7 Rd6 53. Kg3 Rd3+ 54. Kf4 Rd6 55. Kg3 Be6 56. Kf4 Bf7 57. Ra7 Re6 58. Ra1 Be8 59. Rh1 Rxe4+ 0-1

[Event "Cannes op-B 18th"]
[Site "Cannes"]
[Date "1997.??.??"]
[Round "9"]
[White "De Kleuver, Esther"]
[Black "Calistri, Tristan"]
[Result "1/2-1/2"]
[WhiteElo "2190"]
[BlackElo "2265"]
[PlyCount "33"]
[EventDate "1997.02.22"]
[EventType "swiss"]
[EventRounds "9"]
[EventCountry "FRA"]
[SourceTitle "CBM 057 Extra"]
[Source "ChessBase"]
[SourceDate "1997.05.01"]
[SourceVersion "1"]
[SourceVersionDate "1997.05.01"]
[SourceQuality "1"]

1. e4 c5 2. c3 d5 3. exd5 Qxd5 4. d4 cxd4 5. cxd4 Nc6 6. Nf3 Bg4 7. Be2 e6 8. Nc3 Qa5 9. Be3 Nf6 10. 0-0 Be7 11. h3 Bh5 12. Qb3 Qb4 13. Qxb4 Bxb4 14. a3 Be7 15. Rad1 Rd8 16. g4 Bg6 17. Ne5 1/2-1/2